Improved life cycle performance of mechanical ventilation systems (Record no. 102780)

MARC details
000 -LEADER
fixed length control field 01293cam a2200289 4500
008 - FIXED-LENGTH DATA ELEMENTS--GENERAL INFORMATION
fixed length control field 030428n2003 000 0 eng u
020 ## - INTERNATIONAL STANDARD BOOK NUMBER
International Standard Book Number 1903287367
035 ## - SYSTEM CONTROL NUMBER
System control number (Sirsi) u122096
041 ## - LANGUAGE CODE
Language code of text/sound track or separate title eng
050 ## - LIBRARY OF CONGRESS CALL NUMBER
Classification number 697.92
-- 18
100 ## - MAIN ENTRY--PERSONAL NAME
Personal name Irving, Steve
245 ## - TITLE STATEMENT
Title Improved life cycle performance of mechanical ventilation systems
260 ## - PUBLICATION, DISTRIBUTION, ETC.
Place of publication, distribution, etc. London
Name of publisher, distributor, etc. CIBSE
Date of publication, distribution, etc. 2003
300 ## - PHYSICAL DESCRIPTION
Extent 26p.
Dimensions 30cm.
350 ## - PRICE (NR) (BK AM CF MU VM SE) [OBSOLETE]
Price 58
490 ## - SERIES STATEMENT
Series statement CIBSE Technical Memorandum
Volume/sequential designation 30 2003
520 ## - SUMMARY, ETC.
Summary, etc. This publication reports the results of a Partners in Innovation project that explored ways of improving the life cycle performance of mechanical ventilation system. The results suggest that there are significant opportunities to reduce whole life cost through revised design criteria and alternative equipment selections. References.
650 ## - SUBJECT ADDED ENTRY--TOPICAL TERM
Topical term or geographic name entry element BUILT ENVIRONMENT-BUILDING ELEMENTS-COMPLETE BUILDING SERVICES ELEMENTS-COMPLETE HEATING, VENTILATION AND AIR CONDITIONING SYSTEMS
650 ## - SUBJECT ADDED ENTRY--TOPICAL TERM
Topical term or geographic name entry element WHOLE-LIFE COSTING
650 ## - SUBJECT ADDED ENTRY--TOPICAL TERM
Topical term or geographic name entry element MECHANICAL VENTILATION
690 ## - LOCAL SUBJECT ADDED ENTRY--TOPICAL TERM (OCLC, RLIN)
Topical term or geographic name as entry element Block management
9 (RLIN) 6220
700 ## - ADDED ENTRY--PERSONAL NAME
Personal name Law, S.
700 ## - ADDED ENTRY--PERSONAL NAME
Personal name Butcher, Ken
International Standard Serial Number Editor
710 ## - ADDED ENTRY--CORPORATE NAME
Corporate name or jurisdiction name as entry element United Kingdom
Subordinate unit Department of Trade and Industry
710 ## - ADDED ENTRY--CORPORATE NAME
Corporate name or jurisdiction name as entry element Chartered Institution of Building Services Engineers
9 (RLIN) 2360
942 ## - ADDED ENTRY ELEMENTS (KOHA)
Suppress in OPAC 0
Holdings
Withdrawn status Lost status Source of classification or shelving scheme Damaged status Not for loan Home library Current library Shelving location Date acquired Cost, normal purchase price Total Checkouts Full call number Barcode Date last seen Date last checked out Copy number Cost, replacement price Price effective from Koha item type
    Dewey Decimal Classification     London London Folio 24/10/2003 49.30 2 F697.92 IRV 30067865 06/08/2019 07/06/2004 1 49.30 06/08/2019 Book